000 00455nam a2200205Ia 4500
001 085574
003 YMCAF
005 20230512161523.0
008 100717s2003 ||||||||||||||||| ||und|d
024 _a85574
035 _a25033
040 _aYMCAF
_beng
_cIN-KoLT
041 _aeng
082 _a004.678
_bSMI
100 _aSmith, Larry
245 0 _aBeyond the Internet
_bHow Experts
260 _bMacmillan
_c2003
300 _a246
942 _2ddc
_cBK
999 _c9026
_d9026